Statistiques concernant Pays les plus devinés sur Jetpunk par continent

Cliquez ici pour prendre le quiz!

Statistiques générales

  • Ce quiz a été pris 15 048 fois
    (14 919 depuis la dernière actualisation)
  • Le résultat moyen est 26 sur 30

Statistiques - réponses

Continent%Pays% Correct
Europe98France
100%
Océanie94Australie
98%
Amérique du Sud94Brésil
98%
Amérique du Nord96Canada
98%
Asie95Chine
98%
Europe95Espagne
98%
Amérique du Nord95États-Unis
98%
Afrique87Algérie
97%
Europe94Allemagne
97%
Afrique91Maroc
97%
Amérique du Sud88Argentine
96%
Asie93Japon
96%
Amérique du Nord94Mexique
96%
Europe96Italie
95%
Afrique88Afrique du Sud
93%
Océanie77Nouvelle-Zélande
93%
Europe96Russie
93%
Amérique du Sud84Chili
92%
Afrique87Égypte
91%
Asie92Inde
91%
Amérique du Sud72Colombie
89%
Amérique du Sud78Pérou
87%
Amérique du Nord78Cuba
81%
Océanie31Fidji
68%
Amérique du Nord58Panama
61%
Océanie44Papouasie-Nouvelle-Guinée
60%
Asie84Turquie
59%
Asie79Corée du Nord
58%
Océanie22Micronésie
47%
Afrique84Madagascar
43%

Distribution des résultats

Percentile par nombre de réponses

% des personnes avec chaque résultat

Votre développement - résultats

Vous n’avez pas pris ce quiz depuis la dernière actualisation